Click the Australia Cities - Statistics

General Stats
  • This quiz has been taken 167 times
  • The average score is 13 of 14
Answers on the Grid
Answers color-coded by a green-red scale on the quiz's grid according to % correct below.
Houston
Perth
Sydney
Moscow
Wellington
Brisbane
Melbourne
Cairo
Chicago
Seattle
Adelaide
Hobart
Auckland
Darwin
Gold Coast
Austin
Honolulu
Sunshine Coast
Canberra
Miami
Kingston
Townsville City
Manila
Panama City
London
Alice Springs
Port-Au-Prince
Geelong
 
Answer Stats
Answer % Correct
Perth
99%
Sydney
99%
Melbourne
96%
Brisbane
95%
Canberra
95%
Adelaide
94%
Darwin
93%
Gold Coast
93%
Hobart
93%
Alice Springs
92%
Sunshine Coast
92%
Geelong
90%
Townsville City
90%
Kingston
49%
No matching quizzes found
Score Distribution
Percent of People with Each Score
Percentile by Number Answered
Your Score History
You have not taken this quiz